Govt. of
Madhya Pradesh

Thrift (Record no. 38419)

MARC details
000 -LEADER
fixed length control field 004290000a22001690004500
003 - CONTROL NUMBER IDENTIFIER
control field MACL
005 - DATE AND TIME OF LATEST TRANSACTION
control field 20160101120622.0
008 - FIXED-LENGTH DATA ELEMENTS--GENERAL INFORMATION
fixed length control field 160101b xxu||||| |||| 00| 0 eng d
040 ## - CATALOGING SOURCE
Original cataloging agency MACL
Transcribing agency MACL
041 ## - LANGUAGE CODE
Language code of text/sound track or separate title English
082 ## - DEWEY DECIMAL CLASSIFICATION NUMBER
Classification number 339.4/SMI
100 ## - MAIN ENTRY--PERSONAL NAME
Personal name Smiles, Samuel
9 (RLIN) 5013
245 ## - TITLE STATEMENT
Title Thrift
Remainder of title A Book of Domestic Counsel
260 ## - PUBLICATION, DISTRIBUTION, ETC. (IMPRINT)
Name of publisher, distributor, etc. John Murray
Date of publication, distribution, etc. 1907
Place of publication, distribution, etc. London
650 ## - SUBJECT ADDED ENTRY--TOPICAL TERM
Topical term or geographic name as entry element Economics
9 (RLIN) 26190
942 ## - ADDED ENTRY ELEMENTS (KOHA)
Koha item type Books
Call number prefix 339.4/SMI
Source of classification or shelving scheme
Holdings
Withdrawn status Lost status Source of classification or shelving scheme Damaged status Not for loan Home library Current library Date acquired Total Checkouts Full call number Barcode Date last seen Uniform Resource Identifier Price effective from Koha item type
          MACL MACL 15/04/2015   339.4/SMI CLE013463 29/04/2015 38641 15/04/2015 Books